|
|
|
|
| LEADER |
00000nab a2200000 a 4500 |
| 001 |
vtls000557921 |
| 003 |
SK-MaSNL |
| 005 |
20260305004441.0 |
| 008 |
250425c1995 xo 0 slo |
| 015 |
|
|
|a SNBRB19rr/mm-uuuuu
|
| 035 |
|
|
|a CL0558059
|
| 035 |
|
|
|a urn:nbn:sk:snk-ab2iw0
|
| 035 |
|
|
|a (urnnbn)urn:nbn:sk:snk:ar-a02hd4
|
| 035 |
|
|
|a (uuid)ca98f9e6-04f4-4f2d-8c17-03dae21b48ed
|
| 040 |
|
|
|a SNKBUCL
|b slo
|c SNKBUCL
|e AACR2
|
| 041 |
0 |
|
|a slo
|
| 044 |
|
|
|a xo
|c SK
|
| 080 |
|
|
|a 502.4(4)
|2 1981
|
| 080 |
|
|
|a 911.9:502.4(4)
|2 1981
|
| 100 |
1 |
|
|a Kele, František,
|d 1936-2014
|4 aut
|9 158736
|
| 245 |
1 |
0 |
|a Národné parky strednej Európy
|c František Kele, Peter Mariot
|
| 300 |
|
|
|b Fotogr. 7
|
| 650 |
0 |
7 |
|a národné parky
|2 snkbucl
|9 3797
|
| 651 |
|
7 |
|a Európa stredná
|2 snkbucl
|9 23970
|
| 655 |
|
7 |
|a články z novín a časopisov
|2 snkbucl
|9 267496
|
| 700 |
1 |
|
|a Mariot, Peter,
|d 1940-2004
|4 aut
|9 93040
|
| 773 |
0 |
|
|t Geografia
|g Roč. 3, č. 1 (1995), s. 2 a 35
|
| 850 |
|
|
|a Slovenská národná knižnica
|
| 852 |
|
|
|a Slovenská národná knižnica
|
| 954 |
|
|
|a odborná, vedecká literatúra pôvodná (slovenská)
|2 lita
|
| 958 |
|
|
|a article27
|
| 958 |
|
|
|a RK
|
| 958 |
|
|
|a OND
|
| 958 |
|
|
|a EUIPO
|
| 992 |
|
|
|a RBX
|
| 999 |
|
|
|c 3235721
|d 3237651
|